000 00663nam a2200217Ii 4500
003 JO-AjNU
008 230605s9999||||xx |||||||||||||| ||und||
017 _a2008/21849
040 _aJO-AjNU
_bara
_erda
_cJO-AjNU
041 _aara
050 1 4 _aPJ7700 2006
100 3 _aدراسة وتقديم السيد خلف,
_eauthor
_924881
245 0 0 _aديوان كثير عزة
250 _aط1
264 3 1 _aالجيزة:مكتبة النافذة،2009
300 _a135ص
336 _atext
_btxt
_2rdacontent
337 _aunmediated
_bn
_2rdamedia
338 _avolume
_bnc
_2rdacarrier
650 4 _aالشعر العربي - العصر الأموي
_924882
999 _aA9233
_c12801
_d12801